Memoria territorial y patrimonial : (Registro nro. 11864)

Detalles MARC
000 -LEADER
campo de control de longitud fija 03420cam a22005774i 4500
003 - IDENTIFICADOR DE NÚMERO DE CONTROL
campo de control PE-LiUPU
005 - FECHA Y HORA DE LA ÚLTIMA TRANSACCIÓN
campo de control 20250731184510.0
008 - DATOS DE LONGITUD FIJA--INFORMACIÓN GENERAL
campo de control de longitud fija 150317s2014 pe ab b 000 0 spa d
020 ## - NÚMERO INTERNACIONAL ESTÁNDAR DEL LIBRO
Número Internacional Estándar del Libro 9789972465314
020 ## - NÚMERO INTERNACIONAL ESTÁNDAR DEL LIBRO
Número Internacional Estándar del Libro 9972465314
035 ## - NÚMERO DE CONTROL DEL SISTEMA
Número de control de sistema (Sirsi) i9789972465314
040 ## - FUENTE DE CATALOGACIÓN
Centro catalogador/agencia de origen TJC
Lengua de catalogación spa
Normas de descripción rda
Centro/agencia transcriptor TJC
Centro/agencia modificador EMU
-- OCLCF
-- CGU
-- PE-LiUPU
041 1# - CÓDIGO DE IDIOMA
Código de lengua del texto/banda sonora o título independiente spa
Código de lengua original fre
049 ## - FONDOS LOCALES (OCLC)
Biblioteca depositaria PRUA
050 #4 - SIGNATURA TOPOGRÁFICA DE LA BIBLIOTECA DEL CONGRESO
Número de clasificación F3410
Número de ítem .M466 2014
082 04 - NÚMERO DE LA CLASIFICACIÓN DECIMAL DEWEY
Número de clasificación 930.1
Cutter M4
Número de edición 20
245 00 - MENCIÓN DEL TÍTULO
Título Memoria territorial y patrimonial :
Resto del título artes & fronteras /
Mención de responsabilidad, etc. editores, Eric Bonnet, François Soulages, Juliana Zevallos Tazza ; traducción de los textos al español, Juliana Zevallos Tazza.
250 ## - MENCION DE EDICION
Mención de edición Primera edición.
264 #1 - PRODUCCIÓN, PUBLICACIÓN, DISTRIBUCIÓN, FABRICACIÓN Y COPYRIGHT
Producción, publicación, distribución, fabricación y copyright Lima, Perú :
Nombre del de productor, editor, distribuidor, fabricante Universidad Nacional Mayor de San Marcos, Fondo Editorial,
Fecha de producción, publicación, distribución, fabricación o copyright 2014.
300 ## - DESCRIPCIÓN FÍSICA
Extensión 210 páginas :
Otras características físicas ilustraciones ;
Dimensiones 22 centímetros.
336 ## - TIPO DE CONTENIDO
-- ext
Fuente rdacontent
337 ## - TIPO DE MEDIO
-- nmediated
Fuente rdamedia
338 ## - TIPO DE SOPORTE
-- olume
Fuente rdacarrier
504 ## - NOTA DE BIBLIOGRAFÍA, ETC.
Nota de bibliografía, etc. Bibliografía en todo el docuemento.
505 0# - NOTA DE CONTENIDO CON FORMATO
Nota de contenido con formato El inconsciente fronterizo / François Soulages -- Lima : el patrimonio monumental y el impase urbano territorial / José Canziani -- Secuencia cultural del Bajo Chillón y Ancón / Alberto Bueno Mendoza -- Hacia el bicentenario : ¿se puede recuperar Punchauca? / Edgar Quispe Pastrana -- Comas, historia y tradición de un distrito de Lima Norte / Santiago Tácunan Bonifacio -- La casa hacienda de Santiago de Punchauca y su capilla, patrimonio arquitectónico recuperable / Mariana Mould de Pease -- Lima milenaria : una propuesta para una ciudad sin memoria--el caso de Carabayllo / Javier Lizarzaburu -- El Museo Monumental de Huaura : una propuesta de gestión con miras a la celebración del bicentenario de la Independencia / Anita Tavera -- La ciencia de los materiales y la arqueología en el estudio de nuestro legado cultural / Alcides López Milla -- Percepciones metafóricas entre arte, territorio y patrimonio / Juliana Zevallos Tazza -- La célula urbana : interviniendo nuestra memoria construida en Punchauca / Arq. Juan Manuel del Castillo, Mag. Arq. José Hayakawa y Arq. Israel Leandro -- Primavera en el barrio / Jorge Rodríguez Mallqui -- Patrimonio, interculturalidad, ciudadanía / Herbert Rodríguez -- Las fronteras del tiempo, patrimonio histórico y creación contemporánea / Eric Bonnet.
526 ## - NOTA DE INFORMACIÓN SOBRE EL PROGRAMA DE ESTUDIO
Nombre del programa Doctorado En Educación Con Mención En Currículo Y Docencia (A Distancia)
526 ## - NOTA DE INFORMACIÓN SOBRE EL PROGRAMA DE ESTUDIO
Nombre del programa Doctorado En Educación Con Mención En Currículo Y Docencia (Semipresencial)
526 ## - NOTA DE INFORMACIÓN SOBRE EL PROGRAMA DE ESTUDIO
Nombre del programa Doctorado En Educación Con Mención En Gestión Educativa (A Distancia)
526 ## - NOTA DE INFORMACIÓN SOBRE EL PROGRAMA DE ESTUDIO
Nombre del programa Doctorado En Educación Con Mención En Gestión Educativa (Semipresencial)
526 ## - NOTA DE INFORMACIÓN SOBRE EL PROGRAMA DE ESTUDIO
Nombre del programa Derecho semipresencial
526 ## - NOTA DE INFORMACIÓN SOBRE EL PROGRAMA DE ESTUDIO
Nombre del programa Derecho presencial
526 ## - NOTA DE INFORMACIÓN SOBRE EL PROGRAMA DE ESTUDIO
Nombre del programa Maestría en teología histórica
526 ## - NOTA DE INFORMACIÓN SOBRE EL PROGRAMA DE ESTUDIO
Nombre del programa Teología
526 ## - NOTA DE INFORMACIÓN SOBRE EL PROGRAMA DE ESTUDIO
Nombre del programa Educación primaria
526 ## - NOTA DE INFORMACIÓN SOBRE EL PROGRAMA DE ESTUDIO
Nombre del programa Educación secundaria, especialidad lingüística e inglés
526 ## - NOTA DE INFORMACIÓN SOBRE EL PROGRAMA DE ESTUDIO
Nombre del programa Educación secundaria, especialidad ambiental, biología y química
526 ## - NOTA DE INFORMACIÓN SOBRE EL PROGRAMA DE ESTUDIO
Nombre del programa Arquitectura
541 ## - NOTA DE FUENTE DE ADQUISICIÓN DIRECTA
-- 060-0024019;
546 ## - NOTA DE IDIOMA
Nota de lengua/lenguaje Algunos textos traducidos del francés , presumiblemente.
596 ## -
-- 1
650 #0 - PUNTO DE ACCESO ADICIONAL DE MATERIA--TÉRMINO DE MATERIA
Término de materia o nombre geográfico como elemento de entrada Arquitectura
Subdivisión geográfica Peru.
650 #0 - PUNTO DE ACCESO ADICIONAL DE MATERIA--TÉRMINO DE MATERIA
Término de materia o nombre geográfico como elemento de entrada Arte
Subdivisión geográfica Peru.
650 #0 - PUNTO DE ACCESO ADICIONAL DE MATERIA--TÉRMINO DE MATERIA
Término de materia o nombre geográfico como elemento de entrada Los bienes culturales
Subdivisión geográfica Peru.
700 1# - ENTRADA AGREGADA--NOMBRE PERSONAL
Nombre de persona Bonnet, Eric,
Fechas asociadas al nombre 1951-
Término indicativo de función/relación editor.
700 1# - ENTRADA AGREGADA--NOMBRE PERSONAL
Nombre de persona Soulages, François,
Término indicativo de función/relación editor.
700 1# - ENTRADA AGREGADA--NOMBRE PERSONAL
Nombre de persona Zevallos Tazza, Juliana,
Término indicativo de función/relación editor,
-- traductor.
942 ## - ELEMENTOS DE ENTRADA SECUNDARIOS (KOHA)
Fuente del sistema de clasificación o colocación Clasificación Decimal Dewey
Tipo de ítem Koha
949 ## - PROCESAMIENTO DE INFORMACIÓN LOCAL (OCLC)
a 930.1 M4
w DEWEY
c 1
i 74150
l CCODEBUL1
m BUL
p 14.29
r 0
s Y
t BOOK
u 2016-8-12
x EDUCACION
-- P06
0 COMPRA
o .STAFF. Colección General
994 ## -
-- C0
-- PEPRU
999 ## - NÚMEROS DE CONTROL DE SISTEMA (KOHA)
-- DEWEY
-- 74150
-- 2020-1-8
-- 2021-11-9
-- 5
-- CCODEBUL1
-- BUL
-- 1
-- 14.29
-- 1
-- 0
-- Y
-- BOOK
-- 2016-8-12
-- EDUCACION
-- P06
-- COMPRA
-- .STAFF. Colección General
980 ## - EQUIVALENCIA O REFERENCIA-CRUZADA-MENCIÓN DE SERIE--NOMBRE DE PERSONA/TÍTULO [LOCAL, CANADÁ]
ID del último usuario que modificó el registro 1
Nombre del último usuario que modificó el registro ALBERTO SANCHEZ Responsable de Automatización
Existencias
Visto por última vez Número de inventario Total de préstamos Signatura topográfica completa Código de barras Fecha del último préstamo Copia número Coste, precio de reemplazo Fecha de reemplazo Facultad Tipo de ítem Koha Nota pública Estado de pérdida Fuente del sistema de clasificación o colocación Restricciones de uso No para préstamo Colección Programa académico Biblioteca de origen Biblioteca actual Ubicación en estantería Fecha de adquisición Fuente de adquisición Coste, precio normal de compra
2026-04-15 6 2 930.1 M4 74150 2026-04-06 e1 19.29 2016-08-12 FIA Libros físicos inventario-2023-12-13 No Perdido Clasificación Decimal Dewey No restringido Disponible para préstamos Colección General Arquitectura Biblioteca CRAI UPeU Lima Biblioteca CRAI UPeU Lima Sala principal 2016-08-12 COMPRA 14.29